| Tag |
First Indicator |
Second Indicator |
Subfields |
| LEADER |
00000cam a2200000Ma 4500 |
| 001 |
in00002184821 |
| 005 |
20151104062750.0 |
| 008 |
830210s1981 ru a b 000 0 rusod |
| 020 |
|
|
|c 0.95rub
|
| 035 |
|
|
|a (OCoLC)ocm38813511
|
| 040 |
|
|
|a HIN
|c HIN
|d TXA
|d UtOrBLW
|
| 043 |
|
|
|a e-ur---
|
| 049 |
|
|
|a TXAM
|
| 050 |
|
4 |
|a JN6598.K7
|b P31593 1981
|
| 245 |
0 |
0 |
|6 880-01
|a Partiĭnoe stroitelʹstvo :
|b uchebnoe posobie /
|c [avtorskiĭ kollektiv N.A. Petrovichev (rukovoditelʹ) ... i dr.].
|
| 250 |
|
|
|a Izd. 6-e, dop.
|
| 264 |
|
1 |
|6 880-02
|a Moskva :
|b Izd-vo polit. lit-ry,
|c 1981.
|
| 300 |
|
|
|a 510 pages :
|b illustrations ;
|c 23 cm.
|
| 336 |
|
|
|a text
|b txt
|2 rdacontent
|
| 337 |
|
|
|a unmediated
|b n
|2 rdamedia
|
| 338 |
|
|
|a volume
|b nc
|2 rdacarrier
|
| 504 |
|
|
|a Includes bibliographical references.
|
| 536 |
|
|
|a Given to the Library by Dr. Donald Barry Lehigh University March 2000.
|
| 610 |
2 |
0 |
|a Kommunisticheskai͡a partii͡a Sovetskogo Soi͡uza
|x Party work.
|
| 700 |
1 |
|
|6 880-03
|a Petrovichev, Nikolaĭ Aleksandrovich.
|
| 880 |
0 |
0 |
|6 245-01
|a Партийное строительство :
|b учебное пособие /
|c [авторский коллектив Н.А. Петровичев (руководитель) ... и др.].
|
| 880 |
|
|
|6 264-02
|a Москва :
|b Изд-во полит. лит-ры,
|c 1981.
|
| 880 |
1 |
|
|6 700-03
|a Петровичев, Николай Александрович.
|
| 948 |
|
|
|a cataloged
|b h
|c 2006/8/7
|d c
|e tchubaryan
|f 9:49:42 am
|
| 994 |
|
|
|a C0
|b TXA
|
| 999 |
|
|
|a MARS
|
| 999 |
f |
f |
|s c47b5c99-d38e-38bc-9b76-8d9fd395e765
|i e821b383-b591-300f-90b1-75e4fbdb247b
|t 0
|
| 952 |
f |
f |
|p ric
|a Texas A&M University
|b Rellis Campus
|c Joint Library Facility
|d Remote Storage
|t 0
|e JN6598.K7 P31593 1981
|h Library of Congress classification
|i unmediated -- volume
|m A14834597125
|
| 998 |
f |
f |
|a JN6598.K7 P31593 1981
|t 0
|l Remote Storage
|